000 00423nam a2200181Ia 4500
005 20250423101310.0
008 250422s9999 xx 000 0 und d
020 _a9780571166930
050 _aPG 5039.23 .K86/
100 _aKundera, Milan
245 4 _aThe joke
260 _aUSA
260 _bHarperCollins Publishers Inc.
260 _c1992
300 _a323 p
650 _a Irony--Fiction.
942 _cBK
999 _c35898
_d35898